000 00819 a2200217 4500
008 240605b mp ||||| |||| 00| 0 mon d
035 _a5940
040 _aHE0623081
_bmon
_cMN-UlNLM
_dMN-UlNLM
_erda
041 _amon
042 _a10189
084 _2NNA
_a84(5Мон)
_bД.121
100 _aДавааням Д.
245 0 _aӨндөр өвөөгийн үнэн түүх
264 _aУБ.
_bМонсудар
_c2006
300 _a40х.
336 _2rdacontent
_atext
_btxt
337 _2rdamedia
_aunmediated
_bn
338 _2rdacarrier
_avolume
_bnc
650 _aЭнэ номд "Өндөр өвөө байгаагүй бол", "Ийм нэгэн тохиолдол", Таван төө торго", "Хөх бухыг эмчилсэн нь", "Эр улсад арга бий дээ", ...
942 _2NNA
_cBK
999 _c878260
_d878317